___ismos : para entender el arte /

Definición teórica de todas las grandes vanguardias que han jalonado la historia del arte occidental. Señala en cada caso las obras claves de la corriente y los museos en que se encuentran.

Enregistré dans:
Détails bibliographiques
Auteur principal: Little, Stephen (autor)
Format: Livre
Langue:espagnol
Publié: Madrid, España : Turner, 2004, c2004
Collection:(___ismos)
Sujets:
Tags: Ajouter un tag
Pas de tags, Soyez le premier à ajouter un tag!

MARC

LEADER 00000nam^a2200000^a^4500
001 000275794
005 20250521000000.0
009 20260310111242.203
020 |a 84-7506-673-9 
037 |a Acervo ITESO - Biblioteca 
041 |a ESP 
082 |a 709.  |b LIT 
100 |a Little, Stephen  |e (autor) 
245 1 0 |a ___ismos :  |b para entender el arte /  |c S. Little ; tr. por Amado Diéguez. 
264 4 |a Madrid, España :  |b Turner,  |c 2004, c2004 
300 |a 159 p. 
336 |a texto  |b txt  |2 rdacontenido 
337 |a sin mediación  |b n  |2 rdamedio 
338 |a volumen  |b nc  |2 rdasoporte 
440 1 |a (___ismos) 
520 |a Definición teórica de todas las grandes vanguardias que han jalonado la historia del arte occidental. Señala en cada caso las obras claves de la corriente y los museos en que se encuentran. 
649 |a XX 
650 |a Corrientes y Estilos Artísticos 
650 |a Estética 
650 |a Arte -  |x Teoría 
650 |a Arte -  |x Historia y Crítica 
910 |a Fondo General 
920 |a Impresos - Libros 
930 |a Reserva Especial 
905 |a 103 
901 |a 0500116561  |b IT1  |c REE  |u 20250521 
902 |a https://opac.biblio.iteso.mx/vufind/Record/000275794